| 000 | 00685nam a2200229Ia 4500 | ||
|---|---|---|---|
| 003 | GCL | ||
| 008 | 140319s9999 xx 000 0 ara d | ||
| 040 |
_aGCL / _cGCL |
||
| 082 | 0 | 4 |
_a961.202 _bج ن |
| 100 | 1 | _aطه فوزى (مترجم) | |
| 245 | 1 | 0 |
_aنحو فدان / _cطه فوزى (مترجم) |
| 700 | 1 | _aجراتزيانى، رود ولفو | |
| 300 | _a511 | ||
| 490 |
_a100 قصة _v0 |
||
| 650 | 0 | 4 | _aالعصر الحديث |
| 650 | 0 | 4 | _aالاستعمار الايطالى |
| 650 | 0 | 4 | _aايطاليا - تاريخ |
| 650 | 0 | 4 | _aليبيا - تاريخ |
| 650 | 0 | 4 | _aالاحتلال 1911 |
| 650 | 0 | 4 | _aالاحتلال الايطالى 1911 |
| 942 |
_2ddc _cBK |
||
| 999 |
_c43814 _d43814 |
||